| 000 | 00800nam a2200229 i 4500 | ||
|---|---|---|---|
| 001 | 7247 | ||
| 003 | ES-MaACL | ||
| 005 | 20230906145207.0 | ||
| 007 | t| | ||
| 008 | 901113s1984 sp ||||1| spa d | ||
| 020 | _a84-7209-173-2 | ||
| 080 | _a32(46)"1982/1983" | ||
| 245 | 0 | 0 |
_aRazon y convivencia en la politica española _b: ciclo de conferencias pronunciadas en el Club Siglo XXI durante el curso 1982-1983 / _cClub Siglo XXI. |
| 260 |
_aMadrid : _bUnion Editorial, _cD.L. 1984. |
||
| 300 |
_a3 v. ; _c22 cm. |
||
| 490 | 1 |
_aNuestro siglo ; _v21 ; 22 ; 23 |
|
| 651 | 4 |
_aEspaña- _xPolítica y gobierno- _y1975-1982. _98447 |
|
| 710 | 2 |
_aClub Siglo XXI. _92868 |
|
| 830 | 0 |
_aNuestro siglo ; _v21 ; 22 ; 23 _9177842 |
|
| 852 |
_aES-MaACL _jL-14524-6 _bR.118406 _z. - rust. |
||
| 999 |
_c7247 _d7247 |
||